Activated sludge treatment of industrial wastewater / (Record no. 70671)

000 -LEADER
fixed length control field 00947cam a2200265 a 4500
001 - CONTROL NUMBER
control field 674216
003 - CONTROL NUMBER IDENTIFIER
control field NUST - PNEC
005 - DATE AND TIME OF LATEST TRANSACTION
control field 20170116181145.0
008 - FIXED-LENGTH DATA ELEMENTS--GENERAL INFORMATION
fixed length control field 950329s1995 paua b 001 0 eng
010 ## - LIBRARY OF CONGRESS CONTROL NUMBER
LC control number 95060698
020 ## - INTERNATIONAL STANDARD BOOK NUMBER
International Standard Book Number 1566763029
040 ## - CATALOGING SOURCE
Transcribing agency LIBRARY
050 00 - LIBRARY OF CONGRESS CALL NUMBER
Classification number TD756
Item number .E28 1995
082 00 - DEWEY DECIMAL CLASSIFICATION NUMBER
Classification number 628.354
Edition number 20
100 1# - MAIN ENTRY--PERSONAL NAME
Personal name Eckenfelder, W. Wesley
Fuller form of name (William Wesley),
Dates associated with a name 1926-2010.
245 10 - TITLE STATEMENT
Title Activated sludge treatment of industrial wastewater /
Statement of responsibility, etc. W. Wesley Eckenfelder, Jack L. Musterman.
260 ## - PUBLICATION, DISTRIBUTION, ETC.
Place of publication, distribution, etc. Lancaster, Penn. :
Name of publisher, distributor, etc. Technomic Pub. Co.,
Date of publication, distribution, etc. c1995.
300 ## - PHYSICAL DESCRIPTION
Extent xiv, 281 p. :
Other physical details ill. ;
Dimensions 24 cm.
504 ## - BIBLIOGRAPHY, ETC. NOTE
Bibliography, etc. note Includes bibliographical references (p. 275-277) and index.
650 #0 - SUBJECT ADDED ENTRY--TOPICAL TERM
Topical term or geographic name entry element Sewage
650 #0 - SUBJECT ADDED ENTRY--TOPICAL TERM
Topical term or geographic name entry element Factory and trade waste
General subdivision IME
906 ## - LOCAL DATA ELEMENT F, LDF (RLIN)
a 7
b cbc
c orignew
d 2
e opcn
f 19
g y-gencatlg
942 ## - ADDED ENTRY ELEMENTS (KOHA)
Source of classification or shelving scheme
Koha item type Book
Holdings
Withdrawn status Lost status Source of classification or shelving scheme Damaged status Not for loan Permanent Location Current Location Shelving location Date acquired Total Checkouts Full call number Barcode Date last seen Price effective from Koha item type
          Pakistan Navy Engineering College (PNEC) Pakistan Navy Engineering College (PNEC)       628.354 ECK PNECLIB-028477 10/12/2015   Book
© 2023 Central Library, National University of Sciences and Technology. All Rights Reserved.